000 00559nam a22002417a 4500
003 UA-OsUOA
001 30774
007 ta
008 20041115b un ||||| |||| 00| 0 ukr d
100 _aСпасибенко А.
090 _a82.09
_bС71
942 _cBK
040 _aUA-OsUOA
_brus
_cUA-OsUOA
_dUA-OsUOA
245 _aПисатели-народники
300 _a429 с.
955 _a0
041 _arus
080 _a82.09
260 _aМосква
_bПросвещение
_c1968
044 _aRU
650 7 _2UDC
999 _c317189
_d317189